12 Countries with Most Maritime Neighbors - Statistics

General Stats
  • This quiz has been taken 92 times
  • The average score is 9 of 12
Answer Stats
Number of Neighbors Answer % Correct
30 United Kingdom
99%
39 France
98%
14 Russia
95%
12 Indonesia
94%
21 United States
94%
11 Italy
84%
10 Saudi Arabia
67%
10 Iran
63%
11 Netherlands
60%
10 New Zealand
49%
10 Colombia
48%
15 Venezuela
42%
No matching quizzes found
Score Distribution
Percent of People with Each Score
Percentile by Number Answered
Your Score History
You have not taken this quiz